[Event "Xtracon Open 2019"]
[Site "Helsingor"]
[Date "2019.07.22"]
[Round "4.9"]
[White "Salomon, Johan"]
[Black "Larsen, Karsten"]
[Result "1-0"]
[WhiteElo "2514"]
[BlackElo "2254"]
[Annotator "ChessBase"]
[PlyCount "57"]
[EventDate "2019.07.19"]
[EventType "swiss"]
[EventCountry "DEN"]
[SourceTitle "playchess.com"]
[Source "ChessBase"]
[SourceQuality "1"]

1. d4 d5 2. c4 e6 3. Nf3 Nf6 4. g3 Nc6 5. Bg2 dxc4 6. Qa4 Nd7 7. Qxc4 Nb6 8. Qb5 Bd7 9. Qb3 a5 10. O-O a4 11. Qd1 Bd6 12. e4 O-O 13. Na3 Na5 14. Bg5 f6 15. Bd2 Qe7 16. Nc2 Nac4 17. Bc3 Rad8 18. b3 Na3 19. Nxa3 Bxa3 20. Qc2 Bc6 21. Rfe1 Bb4 22. Rac1 axb3 23. axb3 Bxc3 24. Qxc3 Qf7 25. b4 Qh5 26. Qb3 Rfe8 27. Rc5 f5 28. b5 Nd7 29. Rxf5 1-0

[Event "Xtracon Open 2019"]
[Site "Helsingor"]
[Date "2019.07.22"]
[Round "4.9"]
[White "Roseneck, Jonas"]
[Black "Postny, Evgeny"]
[Result "0-1"]
[WhiteElo "2398"]
[BlackElo "2601"]
[Annotator "ChessBase"]
[PlyCount "78"]
[EventDate "2019.07.19"]
[EventType "swiss"]
[EventCountry "DEN"]
[SourceTitle "playchess.com"]
[Source "ChessBase"]
[SourceQuality "1"]

1. e4 e5 2. Nf3 Nc6 3. Bb5 a6 4. Ba4 Nf6 5. O-O Be7 6. Re1 b5 7. Bb3 d6 8. c3 O-O 9. h3 Nd7 10. d4 Bb7 11. Nbd2 exd4 12. cxd4 Bf6 13. Nf1 Na5 14. Bc2 Re8 15. Rb1 c5 16. d5 Nc4 17. N3h2 Nce5 18. b3 Ng6 19. g3 Bc8 20. Ne3 Bc3 21. Rf1 Nf6 22. Neg4 Qa5 23. Nxf6+ Bxf6 24. a3 Bxh3 25. Re1 Bd4 26. b4 Qb6 27. Qh5 cxb4 28. Be3 Rac8 29. Bxd4 Qxd4 30. Nf3 Qf6 31. Bd1 bxa3 32. e5 Qf5 33. Ng5 Nxe5 34. Ra1 Ng4 35. Bf3 Rxe1+ 36. Rxe1 a2 37. Qxh3 Qxg5 38. Qxg4 Qc1 39. Kg2 a1=Q 0-1

[Event "Xtracon Open 2019"]
[Site "Helsingor"]
[Date "2019.07.22"]
[Round "4.9"]
[White "Ronka, Erik"]
[Black "Sidali, Elias Hulleberg"]
[Result "1-0"]
[WhiteElo "2289"]
[BlackElo "2041"]
[Annotator "NA"]
[PlyCount "87"]
[EventDate "2019.07.19"]
[EventType "swiss"]
[EventCountry "DEN"]
[SourceTitle "playchess.com"]
[Source "ChessBase"]
[SourceQuality "1"]

1. e4 e6 2. d4 d5 3. Nc3 Nf6 4. e5 Nfd7 5. f4 c5 6. Nf3 Nc6 7. Be3 Be7 8. Qd2 O-O 9. dxc5 Qa5 10. O-O-O b6 11. Bb5 Nb4 12. a3 bxc5 13. Kb1 Rb8 14. axb4 cxb4 15. Nxd5 exd5 16. Nd4 Nxe5 17. fxe5 Rxb5 18. Nxb5 Qxb5 19. Qxd5 Qa6 20. b3 Bf5 21. Rd2 Rc8 22. Rf2 Be6 23. Qe4 Qb5 24. Kb2 Rc3 25. Ra1 a5 26. Qa8+ Rc8 27. Rxa5 Qxe5+ 28. Rxe5 Rxa8 29. Bc5 Bf6 30. Rxf6 gxf6 31. Re4 f5 32. Rxb4 Kg7 33. Be3 Rd8 34. Bf4 Rd1 35. g3 h5 36. h4 Kf6 37. Rb8 Bd5 38. c4 Be4 39. b4 Rd3 40. c5 Ke6 41. b5 Kd5 42. c6 Kc4 43. c7 Rb3+ 44. Ka2 1-0

[Event "Xtracon Open 2019"]
[Site "Helsingor"]
[Date "2019.07.22"]
[Round "4.9"]
[White "Digernes, Magnus"]
[Black "Kvaloy, Aksel Bu"]
[Result "0-1"]
[WhiteElo "1997"]
[BlackElo "2205"]
[Annotator "NA"]
[PlyCount "88"]
[EventDate "2019.07.19"]
[EventType "swiss"]
[EventCountry "DEN"]
[SourceTitle "playchess.com"]
[Source "ChessBase"]
[SourceQuality "1"]

1. d4 d5 2. c4 e6 3. Nc3 Bb4 4. cxd5 exd5 5. Bf4 Nf6 6. e3 Ne4 7. Qa4+ Nc6 8. Bb5 Bd7 9. Nge2 Nxc3 10. bxc3 Be7 11. Qc2 Be6 12. O-O Qd7 13. Bd3 h5 14. e4 g5 15. Bd2 dxe4 16. Bxe4 f5 17. d5 fxe4 18. dxc6 Qxc6 19. Nd4 Qd7 20. Nxe6 Qxe6 21. Be3 O-O-O 22. Bxa7 b6 23. a4 Kb7 24. a5 Kxa7 25. axb6+ Kb8 26. Qa4 cxb6 27. Qa8+ Kc7 28. Ra7+ Kd6 29. Qb7 Rc8 30. Qxb6+ Ke5 31. f4+ gxf4 32. Ra5+ Rc5 33. Rxc5+ Bxc5+ 34. Qxc5+ Qd5 35. Qe7+ Kf5 36. h4 Rg8 37. Qh7+ Kg4 38. Qh6 f3 39. gxf3+ exf3 40. Qf6 Kh3+ 41. Kf2 Rg2+ 42. Ke3 Re2+ 43. Kf4 Re4+ 44. Kxf3 Re6+ 0-1

[Event "Xtracon Open 2019"]
[Site "Helsingor"]
[Date "2019.07.22"]
[Round "4.10"]
[White "Kryakvin, Dmitry"]
[Black "Vaishali R"]
[Result "1-0"]
[WhiteElo "2586"]
[BlackElo "2344"]
[Annotator "ChessBase"]
[PlyCount "145"]
[EventDate "2019.07.19"]
[EventType "swiss"]
[EventCountry "DEN"]
[SourceTitle "playchess.com"]
[Source "ChessBase"]
[SourceQuality "1"]

1. Nf3 d5 2. d4 Bf5 3. c4 e6 4. Nc3 Nc6 5. a3 Nf6 6. Bg5 Be7 7. e3 Ne4 8. Bxe7 Nxe7 9. Qb3 O-O 10. Nh4 c5 11. Nxf5 Nxf5 12. Nxe4 dxe4 13. dxc5 Qc7 14. Qc2 Qxc5 15. Qxe4 Nd6 16. Qd4 Qxd4 17. exd4 Rac8 18. b3 Nf5 19. O-O-O Rfd8 20. Bd3 Nxd4 21. Kb2 a5 22. Rd2 Rd7 23. Rhd1 Rcd8 24. c5 e5 25. Be4 g6 26. g4 f6 27. f4 g5 28. fxg5 fxg5 29. Rf2 Ne6 30. Rxd7 Rxd7 31. Rc2 Kf7 32. Bxh7 Rd5 33. c6 bxc6 34. Rxc6 Nd4 35. Be4 Rb5 36. Rc7+ Ke6 37. Rb7 Rxb7 38. Bxb7 Kd6 39. b4 axb4 40. axb4 Kc7 41. Ba6 Kb6 42. Bd3 Kc6 43. Kc3 Kd5 44. Bc4+ Kd6 45. Ba6 Nf3 46. h3 e4 47. Bf1 Ke5 48. Bg2 Nd4 49. Bf1 e3 50. Kd3 Kd5 51. Be2 Ke5 52. Bd1 Ne6 53. Kxe3 Nf4 54. Bf3 Nxh3 55. b5 Kd6 56. b6 Nf4 57. Kd4 Kd7 58. Ke5 Kc8 59. Kf5 Nh3 60. Bg2 Nf4 61. Bf1 Kb7 62. Kxg5 Ne6+ 63. Kf5 Nf8 64. Bd3 Kxb6 65. Ke5 Nd7+ 66. Kd6 Nf6 67. g5 Nh5 68. g6 Nf6 69. Ke6 Ng8 70. g7 Kc5 71. Bh7 Nh6 72. Kf6 Ng4+ 73. Kg5 1-0

[Event "Xtracon Open 2019"]
[Site "Helsingor"]
[Date "2019.07.22"]
[Round "4.10"]
[White "Svane, Frederik"]
[Black "Kjartansson, Gudmundur"]
[Result "1/2-1/2"]
[WhiteElo "2334"]
[BlackElo "2470"]
[Annotator "ChessBase"]
[PlyCount "191"]
[EventDate "2019.07.19"]
[EventType "swiss"]
[EventCountry "DEN"]
[SourceTitle "playchess.com"]
[Source "ChessBase"]
[SourceQuality "1"]

1. e4 c6 2. Nc3 d5 3. Nf3 Nf6 4. e5 Ne4 5. Ne2 Qb6 6. d4 e6 7. Ng3 c5 8. c3 Nc6 9. Bd3 Nxg3 10. hxg3 cxd4 11. cxd4 Bd7 12. Kf1 h6 13. g4 O-O-O 14. a3 Na5 15. b4 Nc4 16. Bg5 Re8 17. Bf4 Be7 18. Kg1 g5 19. Bc1 Kb8 20. Bxc4 dxc4 21. Bb2 Bc6 22. Qe2 Bd5 23. Bc3 Qc6 24. a4 a6 25. Rh3 b5 26. Qa2 Qb7 27. Ne1 Bd8 28. a5 Ref8 29. Qe2 f5 30. exf6 Rxf6 31. f3 Bc7 32. Nc2 Bd6 33. Ne3 Rd8 34. Re1 Qc7 35. Qb2 Kb7 36. Nf1 Rdf8 37. Nd2 Qh7 38. Qb1 Qxb1 39. Rxb1 Bf4 40. Re1 Rg6 41. Kf2 Rff6 42. Rhh1 Kc6 43. Ne4 Bxe4 44. Rxe4 Kd5 45. g3 Bd6 46. Kg2 Rf8 47. Re3 Rgf6 48. Rhe1 R8f7 49. Rh1 Rg6 50. Rhe1 Rh7 51. Rh1 Ra7 52. Rhe1 Rb7 53. Rh1 Rc7 54. Rhe1 Rd7 55. Rh1 Re7 56. Rhe1 Rf7 57. Rh1 Rgf6 58. Rhe1 Rg7 59. Rh1 Bb8 60. Rhe1 Bd6 61. Rh1 Bc7 62. Re4 Rgf7 63. Re3 Rf8 64. Rhe1 Bd6 65. Rh1 Rg8 66. Re4 Re8 67. Re3 Bb8 68. Rd1 Rg6 69. Re4 Rh8 70. Rh1 Rd8 71. Rhe1 Rd7 72. R4e3 Rd6 73. Rd1 Kc6 74. Re4 Rd5 75. Rde1 Kd7 76. R1e2 Bd6 77. Re1 Ke7 78. R1e2 Kf7 79. Re1 Bf8 80. Re5 Rd7 81. R1e2 Bg7 82. R5e4 Rd6 83. Re1 Bf6 84. Rh1 Bh8 85. Kf2 Bf6 86. Kg2 Rd5 87. Kf2 Bg7 88. Kg2 Ke7 89. Rhe1 Kd7 90. R1e2 Rd6 91. Re1 Bh8 92. Rh1 Rd5 93. Kf2 Bg7 94. Rhe1 Rd6 95. Kg2 Bf6 96. R1e2 1/2-1/2

[Event "Xtracon Open 2019"]
[Site "Helsingor"]
[Date "2019.07.22"]
[Round "4.10"]
[White "Bratholm, Palle"]
[Black "Heimisson, Hilmir Freyr"]
[Result "1/2-1/2"]
[WhiteElo "2052"]
[BlackElo "2279"]
[Annotator "NA"]
[PlyCount "83"]
[EventDate "2019.07.19"]
[EventType "swiss"]
[EventCountry "DEN"]
[SourceTitle "playchess.com"]
[Source "ChessBase"]
[SourceQuality "1"]

1. d4 Nf6 2. c4 e6 3. Nc3 Bb4 4. e3 O-O 5. Bd3 c5 6. Nge2 d5 7. O-O cxd4 8. exd4 dxc4 9. Bxc4 b6 10. d5 Bxc3 11. Nxc3 exd5 12. Bxd5 Nxd5 13. Qxd5 Qxd5 14. Nxd5 Na6 15. Bf4 Be6 16. Rfd1 Rfd8 17. Nc3 Nb4 18. Bd6 Nc6 19. Rac1 Rac8 20. h3 f6 21. Bf4 Nb4 22. Rxd8+ Rxd8 23. Be3 Rd7 24. b3 Kf7 25. a3 Nd3 26. Rb1 f5 27. Ne2 h6 28. h4 Ne5 29. Nd4 Ng4 30. Nxe6 Nxe3 31. Nxg7 Nxg2 32. Nxf5 Nf4 33. Nxh6+ Kg6 34. Ng4 Kf5 35. Ne3+ Ke4 36. Nf1 Nd3 37. Ng3+ Kd4 38. Ne2+ Ke4 39. Kg2 Rf7 40. Ng3+ Kd4 41. Ne2+ Ke4 42. Ng3+ 1/2-1/2

[Event "Xtracon Open 2019"]
[Site "Helsingor"]
[Date "2019.07.22"]
[Round "4.10"]
[White "Johnsen, Oystein"]
[Black "Thorsbro, Peter"]
[Result "0-1"]
[WhiteElo "1994"]
[BlackElo "2199"]
[Annotator "NA"]
[PlyCount "68"]
[EventDate "2019.07.19"]
[EventType "swiss"]
[EventCountry "DEN"]
[SourceTitle "playchess.com"]
[Source "ChessBase"]
[SourceQuality "1"]

1. d4 Nf6 2. Nf3 d5 3. Bf4 e6 4. e3 Be7 5. Bd3 O-O 6. Nbd2 c5 7. c3 Nc6 8. Ne5 Nd7 9. Qh5 f5 10. h4 Ndxe5 11. Bxe5 Nxe5 12. dxe5 Bd7 13. Qe2 Qc7 14. f4 Qb6 15. Nf3 a6 16. g4 fxg4 17. Ng5 h5 18. Bh7+ Kh8 19. Qc2 c4 20. Ke2 Bc5 21. Bg6 Bxe3 22. Bf7 g6 23. Rhf1 Rxf7 24. Nxf7+ Kg7 25. Nd6 Rf8 26. Rad1 Bxf4 27. Rd4 Bxe5 28. Rxf8 Kxf8 29. Qxg6 Qxd6 30. Rd1 Bf4 31. Rf1 Qe5+ 32. Kd1 Ke7 33. Qh7+ Kd6 34. Qf7 Bh6 0-1

[Event "Xtracon Open 2019"]
[Site "Helsingor"]
[Date "2019.07.22"]
[Round "4.11"]
[White "Holm, Kristian Stuvik"]
[Black "Colbow, Collin"]
[Result "1-0"]
[WhiteElo "2469"]
[BlackElo "2167"]
[Annotator "ChessBase"]
[PlyCount "71"]
[EventDate "2019.07.19"]
[EventType "swiss"]
[EventCountry "DEN"]
[SourceTitle "playchess.com"]
[Source "ChessBase"]
[SourceQuality "1"]

1. Nf3 c5 2. c4 g6 3. d4 Bg7 4. e4 d6 5. Nc3 Bg4 6. d5 Bxc3+ 7. bxc3 Qa5 8. Qc2 Bxf3 9. gxf3 Nd7 10. Be2 Ngf6 11. Rb1 O-O-O 12. Be3 Kb8 13. f4 Ka8 14. Rg1 Qc7 15. Bf3 Rb8 16. Rg5 h6 17. Rg2 Rhg8 18. h4 h5 19. Be2 Rbe8 20. f3 e5 21. dxe6 fxe6 22. Rd1 Nb6 23. a4 Nc8 24. Qd2 Rd8 25. Kf2 Ne7 26. Qc2 Nh7 27. Bd3 Rdf8 28. Rdg1 Qc6 29. f5 gxf5 30. Rxg8 Nxg8 31. exf5 Ne7 32. Rg7 Nxf5 33. Bxf5 Nf6 34. Bxe6 Ng4+ 35. Bxg4 hxg4 36. Qf5 1-0

[Event "Xtracon Open 2019"]
[Site "Helsingor"]
[Date "2019.07.22"]
[Round "4.11"]
[White "Rostgaard, Tobias Valentin"]
[Black "Kollars, Dmitrij"]
[Result "1/2-1/2"]
[WhiteElo "2390"]
[BlackElo "2581"]
[Annotator "ChessBase"]
[PlyCount "56"]
[EventDate "2019.07.19"]
[EventType "swiss"]
[EventCountry "DEN"]
[SourceTitle "playchess.com"]
[Source "ChessBase"]
[SourceQuality "1"]

1. e4 e5 2. Nf3 Nc6 3. Nc3 Nf6 4. d4 exd4 5. Nxd4 Bb4 6. Nxc6 bxc6 7. Bd3 d5 8. exd5 O-O 9. O-O Bg4 10. Be2 Bxe2 11. Nxe2 cxd5 12. Bg5 c6 13. c3 Be7 14. Nd4 Qd7 15. Qa4 Rac8 16. Rfe1 h6 17. Bh4 Rfe8 18. Bxf6 Bxf6 19. Rxe8+ Qxe8 20. Qxa7 Ra8 21. Qb6 Rxa2 22. Rc1 Qa8 23. Nxc6 Ra1 24. Rf1 Ra6 25. Qb8+ Qxb8 26. Nxb8 Rb6 27. Nd7 Rxb2 28. Nxf6+ gxf6 1/2-1/2

[Event "Xtracon Open 2019"]
[Site "Helsingor"]
[Date "2019.07.22"]
[Round "4.11"]
[White "Soraas, Torben"]
[Black "Stovring, Claus"]
[Result "1-0"]
[WhiteElo "2266"]
[BlackElo "2036"]
[Annotator "NA"]
[PlyCount "45"]
[EventDate "2019.07.19"]
[EventType "swiss"]
[EventCountry "DEN"]
[SourceTitle "playchess.com"]
[Source "ChessBase"]
[SourceQuality "1"]

1. e4 d6 2. d4 Nf6 3. Nc3 g6 4. Be3 Bg7 5. Qd2 O-O 6. h3 c6 7. Nf3 Qa5 8. Bd3 Na6 9. O-O Qc7 10. Ne2 c5 11. c3 c4 12. Bc2 b5 13. a3 Bb7 14. Ng3 e5 15. Rad1 Rfe8 16. Bh6 Bh8 17. Rfe1 Rad8 18. Qg5 Rb8 19. Qh4 exd4 20. Nxd4 Qb6 21. Ndf5 Re6 22. Rxd6 Rxd6 23. Ne7# 1-0

[Event "Xtracon Open 2019"]
[Site "Helsingor"]
[Date "2019.07.22"]
[Round "4.11"]
[White "Liu, Casper"]
[Black "Andersson, Lars"]
[Result "1-0"]
[WhiteElo "2194"]
[BlackElo "1990"]
[Annotator "NA"]
[PlyCount "138"]
[EventDate "2019.07.19"]
[EventType "swiss"]
[EventCountry "DEN"]
[SourceTitle "playchess.com"]
[Source "ChessBase"]
[SourceQuality "1"]

1. e4 c6 2. Nf3 d5 3. exd5 cxd5 4. Ne5 Nf6 5. d4 g6 6. Bd3 Nc6 7. c3 Bg7 8. f4 Bf5 9. Bxf5 gxf5 10. O-O Qc7 11. Nd2 e6 12. Qa4 O-O 13. Rf3 Ne4 14. Rh3 f6 15. Nxe4 fxe4 16. Nxc6 bxc6 17. f5 e5 18. Qd1 Rf7 19. Qh5 Bf8 20. Be3 c5 21. dxe5 Qxe5 22. Rd1 Rd8 23. Rg3+ Rg7 24. Rxg7+ Kxg7 25. Qg4+ Kh8 26. Bf4 Qe7 27. Be3 Qe5 28. Bf4 Qe8 29. Qe2 d4 30. Qc4 e3 31. cxd4 cxd4 32. Qd3 Bc5 33. b4 Bb6 34. Bg3 Rc8 35. Be1 Qc6 36. a3 Qc4 37. Qxc4 Rxc4 38. Rd3 Kg7 39. Kf1 Kh6 40. Bh4 Bd8 41. g4 Kg7 42. Bg3 Bb6 43. Ke2 a5 44. Bd6 Kf7 45. Bc5 Bxc5 46. bxc5 h6 47. Rd1 Ke7 48. Kd3 Ra4 49. Ra1 e2 50. Kxe2 d3+ 51. Kxd3 Rxg4 52. Re1+ Kd7 53. Re6 Ra4 54. c6+ Kc7 55. Rxf6 Rxa3+ 56. Kc4 Rh3 57. Kb5 Rxh2 58. Rf7+ Kc8 59. Kxa5 Rf2 60. Kb6 Rb2+ 61. Kc5 Rf2 62. Kd6 Rd2+ 63. Ke7 h5 64. Rh7 Kc7 65. Rxh5 Kxc6 66. f6 Re2+ 67. Kf8 Kd6 68. f7 Rg2 69. Rh7 Kd5 1-0

[Event "Xtracon Open 2019"]
[Site "Helsingor"]
[Date "2019.07.22"]
[Round "4.12"]
[White "Antonsen, Mikkel"]
[Black "Nielsen, Andre"]
[Result "1-0"]
[WhiteElo "2400"]
[BlackElo "2229"]
[Annotator "NA"]
[PlyCount "95"]
[EventDate "2019.07.19"]
[EventType "swiss"]
[EventCountry "DEN"]
[SourceTitle "playchess.com"]
[Source "ChessBase"]
[SourceQuality "1"]

1. d4 Nf6 2. c4 e6 3. Nf3 b6 4. g3 Ba6 5. Nbd2 Bb7 6. Bg2 Be7 7. O-O O-O 8. Qc2 d5 9. cxd5 exd5 10. Nb1 Nbd7 11. Nc3 c5 12. Bf4 Rc8 13. Rad1 Ne4 14. Bh3 cxd4 15. Nxd4 Bf6 16. Qa4 Ndc5 17. Qa3 Nxc3 18. Qxc3 Na4 19. Qd2 Rc4 20. Be3 Nc5 21. f3 Nd7 22. b3 Rc8 23. Nb5 Qe7 24. Nxa7 Ra8 25. Nb5 Nc5 26. Nd4 Rfe8 27. Nf5 Qe5 28. Rfe1 Qc3 29. Bd4 Bxd4+ 30. Nxd4 Qxd2 31. Rxd2 Re5 32. Rc1 Rae8 33. b4 Na6 34. a3 Re3 35. Rd3 Rxd3 36. exd3 g6 37. Kf2 Kg7 38. f4 Kf6 39. Nf3 h6 40. Ne5 Kg7 41. Nf3 Kf6 42. Nd4 Ke7 43. Bg2 Kd6 44. h4 Nc7 45. h5 Ne6 46. Nb5+ Kd7 47. hxg6 fxg6 48. Bh3 1-0

[Event "Xtracon Open 2019"]
[Site "Helsingor"]
[Date "2019.07.22"]
[Round "4.12"]
[White "Pallesen, Jacob"]
[Black "Dauth, Benjamin"]
[Result "0-1"]
[WhiteElo "2041"]
[BlackElo "2263"]
[Annotator "NA"]
[PlyCount "200"]
[EventDate "2019.07.19"]
[EventType "swiss"]
[EventCountry "DEN"]
[SourceTitle "playchess.com"]
[Source "ChessBase"]
[SourceQuality "1"]

1. d4 c5 2. d5 e5 3. e4 d6 4. Nc3 Ne7 5. Nf3 Bg4 6. Be2 Bxf3 7. Bxf3 Ng6 8. O-O h5 9. g3 h4 10. Bg4 Be7 11. f4 hxg3 12. hxg3 exf4 13. Bxf4 Nd7 14. Kg2 Nde5 15. Bf5 Bf6 16. Qe2 Qb6 17. Qb5+ Qxb5 18. Nxb5 Nxf4+ 19. gxf4 Nc4 20. Nc7+ Ke7 21. Nxa8 Ne3+ 22. Kf3 Nxf1 23. Rxf1 Rxa8 24. Re1 g6 25. Bg4 Rh8 26. e5 Bg7 27. Kg3 g5 28. exd6+ Kxd6 29. b3 Bc3 30. Re2 b5 31. fxg5 Be5+ 32. Kf3 Rg8 33. Ke4 Rxg5 34. Bc8 Rg8 35. Bf5 b4 36. Rf2 Bd4 37. Rf3 Re8+ 38. Kd3 Kxd5 39. Bd7 Re7 40. Bb5 f6 41. Bc4+ Kd6 42. Bg8 Rg7 43. Bc4 Ke5 44. Rh3 f5 45. Rh8 Rg3+ 46. Ke2 Rg2+ 47. Kd1 Be3 48. Re8+ Kf4 49. Rf8 Rd2+ 50. Ke1 Kg5 51. Rg8+ Kh4 52. Bd3 f4 53. Be4 Rd6 54. Ke2 Rd2+ 55. Ke1 Rd4 56. Bf3 Rd6 57. Be4 Kh5 58. Rh8+ Kg5 59. Rg8+ Kh6 60. Rh8+ Kg7 61. Rh7+ Kf8 62. Rxa7 Re6 63. Bd5 Re5 64. Bc4 Ke8 65. Ra8+ Ke7 66. Ra7+ Kd8 67. Ra8+ Kc7 68. Ra7+ Kb8 69. Rf7 Rg5 70. Bd3 Rg1+ 71. Ke2 Ra1 72. Be4 Rxa2 73. Kd3 Ra6 74. Kc4 Rd6 75. Kb5 Kc8 76. Bd3 Kd8 77. Be4 Ke8 78. Rb7 Kf8 79. Rh7 Rf6 80. Bf3 Re6 81. Kc4 Rd6 82. Kb5 Rg6 83. Bd5 Rg5 84. Kc4 Rg1 85. Rh8+ Ke7 86. Rh7+ Kd6 87. Rh6+ Ke5 88. Rh5+ Kf6 89. Rh6+ Kg5 90. Rh8 Rd1 91. Bf3 Rd2 92. Rg8+ Kf5 93. Rg2 Rd8 94. Be2 Kf6 95. c3 bxc3 96. Kxc3 Bd2+ 97. Kc4 Bb4 98. Bg4 Rd4+ 99. Kb5 Rd3 100. Ka4 Rg3 0-1

[Event "Xtracon Open 2019"]
[Site "Helsingor"]
[Date "2019.07.22"]
[Round "4.12"]
[White "Magnussen, Pal"]
[Black "Ernst, Michael"]
[Result "0-1"]
[WhiteElo "1985"]
[BlackElo "2190"]
[Annotator "NA"]
[PlyCount "100"]
[EventDate "2019.07.19"]
[EventType "swiss"]
[EventCountry "DEN"]
[SourceTitle "playchess.com"]
[Source "ChessBase"]
[SourceQuality "1"]

1. e4 e6 2. d4 d5 3. exd5 exd5 4. c4 Nf6 5. Nc3 Be7 6. Nf3 O-O 7. cxd5 Nxd5 8. Bd3 Re8 9. O-O Be6 10. Re1 c6 11. Ne4 Nf6 12. Bd2 Nxe4 13. Bxe4 Nd7 14. Qc2 Nf8 15. Bc3 Bd5 16. Rad1 Bf6 17. Ne5 Ng6 18. f4 Bxe4 19. Rxe4 Qd5 20. Rde1 Nf8 21. Ng4 Rxe4 22. Nxf6+ gxf6 23. Rxe4 Ne6 24. Qe2 Kh8 25. Qf3 Rd8 26. h4 f5 27. Re5 Qxf3 28. gxf3 Rd5 29. Kf2 Kg7 30. Re1 Kf6 31. Kg3 h5 32. Re2 Ke7 33. Rd2 Kd7 34. b3 Kc7 35. Re2 Rd8 36. a4 Rd5 37. Re1 Kd7 38. Re5 Nc7 39. Kf2 f6 40. Re2 Rd6 41. Bb2 Re6 42. Bc1 Rxe2+ 43. Kxe2 Kd6 44. Kf2 Kd5 45. Ke3 Ne6 46. Bb2 b5 47. axb5 cxb5 48. Bc3 Nd8 49. Kd3 Nc6 50. Ke3 b4 0-1

[Event "Xtracon Open 2019"]
[Site "Helsingor"]
[Date "2019.07.22"]
[Round "4.13"]
[White "Buchal, Stephan"]
[Black "Cramling Bellon, Anna"]
[Result "1-0"]
[WhiteElo "2260"]
[BlackElo "2030"]
[Annotator "NA"]
[PlyCount "97"]
[EventDate "2019.07.19"]
[EventType "swiss"]
[EventCountry "DEN"]
[SourceTitle "playchess.com"]
[Source "ChessBase"]
[SourceQuality "1"]

1. c4 c5 2. g3 g6 3. Bg2 Bg7 4. Nc3 Nc6 5. Nf3 e5 6. O-O d6 7. a3 a5 8. Ne1 Be6 9. d3 Nge7 10. Nc2 O-O 11. Ne3 f5 12. Ned5 h6 13. Bd2 Kh7 14. Rb1 Rb8 15. b4 axb4 16. axb4 cxb4 17. Nxb4 Nxb4 18. Rxb4 d5 19. cxd5 Nxd5 20. Rb5 Nxc3 21. Bxc3 Qc7 22. Qa1 e4 23. Bxg7 Qxg7 24. dxe4 fxe4 25. Bxe4 Rf7 26. Rb6 Qxa1 27. Rxa1 Bf5 28. Bxf5 Rxf5 29. Rab1 Rf7 30. f4 Kg7 31. Kf2 g5 32. Kf3 Kh7 33. e4 h5 34. R1b5 g4+ 35. Ke3 Ra8 36. Rxb7 Ra3+ 37. Kd4 Rxb7 38. Rxb7+ Kg6 39. f5+ Kf6 40. Rb6+ Ke7 41. Rh6 Ra4+ 42. Ke5 Kf7 43. Rxh5 Kg7 44. Rg5+ Kh6 45. Rxg4 Kh5 46. Kf4 Kh6 47. f6 Ra1 48. Kf5 Ra5+ 49. e5 1-0

[Event "Xtracon Open 2019"]
[Site "Helsingor"]
[Date "2019.07.22"]
[Round "4.13"]
[White "Weber, Samuel"]
[Black "Jepson, Christian"]
[Result "0-1"]
[WhiteElo "2203"]
[BlackElo "2391"]
[Annotator "NA"]
[PlyCount "136"]
[EventDate "2019.07.19"]
[EventType "swiss"]
[EventCountry "DEN"]
[SourceTitle "playchess.com"]
[Source "ChessBase"]
[SourceQuality "1"]

1. e4 d6 2. g3 g6 3. Bg2 Bg7 4. d3 c5 5. Nf3 Nc6 6. O-O e5 7. Nc3 Nge7 8. Nd2 Be6 9. Nc4 O-O 10. a4 Rb8 11. Nd5 f5 12. c3 Bf7 13. f4 Nxd5 14. exd5 Ne7 15. fxe5 dxe5 16. Bg5 h6 17. Bxe7 Qxe7 18. Qb3 Qd7 19. Qb5 Rbd8 20. Ne3 b6 21. Qxd7 Rxd7 22. Kh1 h5 23. Rae1 Re8 24. c4 a6 25. h3 e4 26. dxe4 Bxb2 27. Nd1 Be5 28. exf5 Bxg3 29. Rxe8+ Bxe8 30. Nc3 Be5 31. Ne4 Rf7 32. Re1 Rxf5 33. Nd6 Bxd6 34. Rxe8+ Kf7 35. Re6 Rf6 36. Re4 Bc7 37. Kg1 Rf4 38. Rxf4+ Bxf4 39. Kf2 Kf6 40. Kf3 Bd6 41. Bf1 Ke5 42. Ke3 Be7 43. Bd3 Bg5+ 44. Ke2 Kd4 45. d6 h4 46. Bxg6 Kxc4 47. Bd3+ Kb4 48. Bxa6 Kxa4 49. Kd3 b5 50. Kc2 c4 51. d7 Bf6 52. Kb1 Ka5 53. Bb7 Kb6 54. Be4 Kc5 55. Kc2 Kd4 56. Bg6 b4 57. Bf7 Kc5 58. Be6 b3+ 59. Kc1 Kb4 60. Bf5 c3 61. Bg6 Kc5 62. Bf5 Kd4 63. Bg6 Bg5+ 64. Kd1 Kc5 65. Bf5 Kb4 66. Bg6 Ka3 67. Bf5 Kb2 68. Bg6 c2+ 0-1

[Event "Xtracon Open 2019"]
[Site "Helsingor"]
[Date "2019.07.22"]
[Round "4.13"]
[White "Hartung-Nielsen, Jens"]
[Black "Saltvedt, Martin"]
[Result "1/2-1/2"]
[WhiteElo "2184"]
[BlackElo "1984"]
[Annotator "NA"]
[PlyCount "66"]
[EventDate "2019.07.19"]
[EventType "swiss"]
[EventCountry "DEN"]
[SourceTitle "playchess.com"]
[Source "ChessBase"]
[SourceQuality "1"]

1. e4 c5 2. d4 cxd4 3. c3 Nf6 4. e5 Nd5 5. Nf3 d6 6. exd6 Qxd6 7. cxd4 g6 8. Nc3 Bg7 9. Qb3 Nb6 10. Nb5 Qd8 11. Bf4 Na6 12. Be2 O-O 13. O-O Be6 14. Qd1 Nd5 15. Be5 Nab4 16. Bxg7 Kxg7 17. Qd2 Qb6 18. Nc3 Rfd8 19. Na4 Qd6 20. Nc5 Bc8 21. Ne5 Nc6 22. Nxc6 Qxc6 23. Bf3 b6 24. Ne4 Bb7 25. Rfe1 Qd7 26. h4 Nf6 27. Nxf6 exf6 28. Bxb7 Qxb7 29. Rad1 Rd5 30. Re3 Rad8 31. Rd3 Qd7 32. Qf4 Qa4 33. a3 R8d7 1/2-1/2

[Event "Xtracon Open 2019"]
[Site "Helsingor"]
[Date "2019.07.22"]
[Round "4.14"]
[White "Keinanen, Toivo"]
[Black "Crevatin, Leo"]
[Result "1/2-1/2"]
[WhiteElo "2386"]
[BlackElo "2146"]
[Annotator "NA"]
[PlyCount "113"]
[EventDate "2019.07.19"]
[EventType "swiss"]
[EventCountry "DEN"]
[SourceTitle "playchess.com"]
[Source "ChessBase"]
[SourceQuality "1"]

1. d4 d5 2. c4 e6 3. Nf3 a6 4. cxd5 exd5 5. Nc3 Nf6 6. Bg5 Be6 7. e3 Nbd7 8. Bd3 Bd6 9. O-O O-O 10. Qc2 h6 11. Bf4 Qe7 12. Na4 c6 13. Rac1 Rac8 14. Qb3 b5 15. Bxd6 Qxd6 16. Nc5 Nxc5 17. dxc5 Qc7 18. Qc3 a5 19. a3 a4 20. h3 Rfe8 21. Rfd1 Rcd8 22. Bb1 Bc8 23. Rd4 Qe7 24. b3 axb3 25. Qxb3 Be6 26. a4 bxa4 27. Qxa4 Qc7 28. Bd3 Ra8 29. Qc2 Reb8 30. Ra4 Nd7 31. Nd4 Qb7 32. Bf1 Nf8 33. Rca1 Bd7 34. Rxa8 Rxa8 35. Rb1 Qc7 36. Qb2 Ne6 37. Qb6 Qxb6 38. cxb6 c5 39. Nf3 f6 40. Ba6 Bc6 41. b7 Rb8 42. Rb6 Nd8 43. Ne1 Kf8 44. Nd3 Ke7 45. Nxc5 Kd6 46. Nd3 Kc7 47. Rb4 Bxb7 48. Bxb7 Rxb7 49. Rxb7+ Kxb7 50. Nb4 d4 51. exd4 Ne6 52. d5 Nc7 53. Kh2 Kb6 54. Nd3 Nxd5 55. Kg3 Kc6 56. Nf4 Kd6 57. Nd3 1/2-1/2

[Event "Xtracon Open 2019"]
[Site "Helsingor"]
[Date "2019.07.22"]
[Round "4.14"]
[White "Pedersen, Lars Foldager"]
[Black "Solberg, Joachim"]
[Result "0-1"]
[WhiteElo "1967"]
[BlackElo "2181"]
[Annotator "NA"]
[PlyCount "76"]
[EventDate "2019.07.19"]
[EventType "swiss"]
[EventCountry "DEN"]
[SourceTitle "playchess.com"]
[Source "ChessBase"]
[SourceQuality "1"]

1. Nf3 c5 2. c4 Nc6 3. Nc3 g6 4. g3 Bg7 5. Bg2 e5 6. d3 Nge7 7. O-O O-O 8. Nd2 d6 9. Rb1 Be6 10. Nd5 Qd7 11. Nxe7+ Qxe7 12. Ne4 h6 13. a3 Rac8 14. b4 f5 15. Nc3 e4 16. Bd2 cxb4 17. axb4 Ne5 18. Re1 Kh7 19. c5 dxc5 20. bxc5 Qxc5 21. Rxb7 Ng4 22. d4 Qxd4 23. e3 Qc5 24. Na4 Qc6 25. Rxa7 Ra8 26. Re7 Rf7 27. Rxf7 Bxf7 28. h3 Nxf2 29. Kxf2 Rxa4 30. Qc1 Rc4 31. Qb1 Rc2 32. Re2 Rb2 33. Qc1 Bc4 34. Re1 Qd5 35. Rd1 Bb3 36. Ke1 Bxd1 37. Kxd1 Qd3 38. h4 Rb1 0-1